000 00690nam a2200265Ia 4500
003 OSt
005 20221006151015.0
006 a|||||r|||| 00| 0
007 ta
008 221006b |||||||| |||| 00| 0 jpn d
020 _c¥2369
024 _a20,616
037 _bGift, Japan Foundation
_cTextual
040 _aEASL
_cEASL
_bjpn
041 _2jpn
_ajpn
082 _aW.42.N85, M6
100 _aKATO Tetsuro
245 0 _aKokkaron no runesansu
260 _aTokyo
_bAoki Shoten Japan
_c1986
300 _a298p.
_ccm.
490 _v JL
650 _aJL
942 _hW.42.N85, M6
_cTEXL
_2CC
999 _c1088702
_d1088702